| 000 | 00827nam a22002537a 4500 | ||
|---|---|---|---|
| 003 | OSt | ||
| 005 | 20220107122848.0 | ||
| 008 | 190426b xxu||||| |||| 00| 0 eng d | ||
| 020 | _a9781789808810 | ||
| 040 | _cIIITMK | ||
| 082 | _a006.312S GAL/B | ||
| 100 |
_aGaleano, Manuel Ignacio Franco _915379 |
||
| 245 |
_aBig data processing with apache spark: _bEfficiently tackle large datasets and big data analysis with spark and python _cManuel Ignacio Franco Galeano |
||
| 260 |
_aBirmingham, _bPackt Publishing, _c2018. |
||
| 300 | _av, 121p. | ||
| 650 |
_aCOMPUTER SCIENCE _915677 |
||
| 650 |
_aBIG DATA ANALYTICS _915678 |
||
| 650 |
_aBIG DATA ANALYSIS _915679 |
||
| 650 |
_aCOMPUTER PROGRAMMING _915680 |
||
| 650 |
_aPYTHON _915681 |
||
| 650 |
_aSPARK _915682 |
||
| 650 |
_aBIG DATA PROCESSING _915683 |
||
| 942 |
_2ddc _cBK |
||
| 999 |
_c6411 _d6411 |
||